000 00937nmm a2200277 a 4500
001 ocm000879824
003 TR-IsHL
005 20201028155452.0
008 130508s2011 tu tur
007 cr cn
020 _a9786055884291
035 _a879824
_b(N$T)
050 0 4 _aDR590
_bD64 2011
090 0 4 _aDR590
_bD64 2011
100 1 _aDoğan, Orhan
245 1 0 _aAtatürk ilkeleri ve inkılâp tarihi: (xix.-xx. Yüzyıl Türkiye tarihi)
_h[electronic resource] /
_cOrhan Doğan
260 _aAnkara :
_bOkutman Yayıncılık,
_c2011
300 _a375 p.
650 4 _aTarih
650 4 _aHistory
650 0 _aAtatürk, Mustafa Kemal, 1881-1938
650 0 _aTürkiye
_x Tarih
_x 1918-1960
650 0 _aTurkey
_x History
_x 1918-1960
650 7 _aHISTORY / Middle East / Turkey & Ottoman Empire
_2bisacsh
856 4 0 _uhttp://search.ebscohost.com/login.aspx?direct=true&scope=site&db=e011xww&AN=879824
999 _c13099
_d13099